书目信息 |
| 题名: |
使用录象磁带
|
|
| 作者: | 鲁宾逊 , 比尔 著 ;孙明经 译 | |
| 分册: | ||
| 出版信息: | 北京 中国电影出版社 1980 |
|
| 页数: | 194页 | |
| 开本: | 21cm | |
| 丛书名: | ||
| 单 册: | ||
| 中图分类: | TN64 | |
| 科图分类: | ||
| 主题词: | 录象磁带 , 电声器件 | |
| 电子资源: | ||
| ISBN: | ||
| 000 | 00768nam0 2200265 45 | |
| 001 | 0180005994 | |
| 005 | 20060622161820.85 | |
| 010 | @dCNY1.05 | |
| 091 | @a15061.153 | |
| 100 | @a19950424d1980 em y0chiy0121 ea | |
| 101 | 1 | @achi@ceng |
| 102 | @aCN@b110000 | |
| 105 | @ay z 000yy | |
| 200 | 10 | @a使用录象磁带@Ashi yong lu xiang ci dai@f(英)J·E·鲁宾逊,P·H·比尔著@F(ying)J·E·lu bin xun,P·H·bi er zhu@g孙明经译 |
| 210 | @a北京@c中国电影出版社@d1980 | |
| 215 | @a194页@d21cm | |
| 606 | @a录象磁带 | |
| 606 | 0 | @a电声器件 |
| 690 | @aTN64 | |
| 701 | 0 | @a鲁宾逊@Alu bin xun@4著 |
| 701 | 0 | @a比尔@Abi er@4著 |
| 702 | 0 | @a孙明经@Asun ming jing@4译 |
| 801 | 2 | @aCN@bNLC@c20060622 |
| 801 | 0 | @aCN@b上海图书馆@c20040518 |
| 905 | @f2@b42312-313@dTN64@e5 | |
| 使用录象磁带/(英)J·E·鲁宾逊,P·H·比尔著/孙明经译.-北京:中国电影出版社,1980 |
| 194页;21cm |
| ISBN :CNY1.05 |
| ● |
| 相关链接 |
|
|
|
|
正题名:使用录象磁带
索取号:TN64/5
 
预约/预借
| 序号 | 登录号 | 条形码 | 馆藏地/架位号 | 状态 | 备注 |
| 1 | 0042312 | 001354876 | 第三借阅区/ [索取号:TN64/5] | 在馆 | |
| 2 | 0042313 | 001354910 | 密集书库/ [索取号:TN64/5] | 在馆 | |
| 3 | 0042314 | 001354956 | 第二样本阅览室/ [索取号:TN64/5] | 在馆 | |
| 4 | 0420978 | 204209784 | 密集书库/ [索取号:TN64/5] | 在馆 |